[Event "Queenstown Classic"]
[Site "Queenstown"]
[Date "2009.01.17"]
[Round "3.1"]
[White "Mikhalevski, Victor"]
[Black "Zawadzka, Jolanta"]
[Result "1-0"]
[WhiteElo "2608"]
[BlackElo "2385"]
[PlyCount "95"]
[EventDate "2009.??.??"]

1. d4 Nf6 2. c4 g6 3. Nc3 Bg7 4. e4 d6 5. Nf3 O-O 6. Be2 e5 7. O-O Nc6 8. d5
Ne7 9. b4 a5 10. bxa5 Rxa5 11. a4 c5 12. Bd2 Ra6 13. Rb1 h6 14. Qc1 Kh7 15. g3
Nfg8 16. Nh4 f5 17. exf5 Nxf5 18. Nxf5 gxf5 19. Kh1 Qf6 20. Rb3 Qg6 21. Qb1 Nf6
22. Rb6 Rxb6 23. Qxb6 f4 24. Qb1 Bf5 25. Qe1 Ne4 26. Nxe4 Bxe4+ 27. f3 Bc2 28.
gxf4 exf4 29. Rg1 Qf5 30. Bc3 Rg8 31. Bxg7 Rxg7 32. Rxg7+ Kxg7 33. Qc3+ Kg8 34.
a5 Bb1 35. Bf1 Qg6 36. Qb3 Bc2 37. Qxb7 Bd1 38. Qc8+ Kh7 39. Qd7+ Kh8 40. Qd8+
Kh7 41. Qe7+ Kh8 42. Qf8+ Kh7 43. Qxf4 Qb1 44. Qe4+ Qxe4 45. fxe4 Bg4 46. a6
Bc8 47. a7 Bb7 48. Bh3 1-0

[Event "Queenstown Classic"]
[Site "Queenstown"]
[Date "2009.01.17"]
[Round "3.2"]
[White "West, Guy"]
[Black "Rozentalis, Eduardas"]
[Result "0-1"]
[WhiteElo "2346"]
[BlackElo "2590"]
[PlyCount "57"]
[EventDate "2009.??.??"]

1. d4 Nf6 2. c4 e6 3. Nf3 Nc6 4. a3 d6 5. b4 g6 6. Bb2 Bg7 7. Nbd2 O-O 8. e4 e5
9. d5 Nd4 10. Nxd4 exd4 11. Bd3 Nh5 12. O-O Nf4 13. Nf3 Bg4 14. h3 Bh5 15. Bc1
g5 16. Bxf4 gxf4 17. g4 fxg3 18. fxg3 Kh8 19. Ra2 Qe7 20. Qe1 Bxf3 21. Rxf3 Be5
22. Rg2 Rg8 23. Kh1 Rg6 24. Qf1 f6 25. g4 Qg7 26. Qc1 Rg8 27. Be2 Rg5 28. Rf5
Qh6 29. Rh2 0-1

[Event "Queenstown Classic"]
[Site "Queenstown"]
[Date "2009.01.17"]
[Round "3.3"]
[White "Ker, Anthony"]
[Black "Bischoff, Klaus"]
[Result "1/2-1/2"]
[WhiteElo "2321"]
[BlackElo "2545"]
[PlyCount "60"]
[EventDate "2009.??.??"]

1. e4 e6 2. d4 d5 3. e5 c5 4. c3 Nc6 5. Nf3 Bd7 6. Be2 Nge7 7. Na3 cxd4 8. cxd4
Nc8 9. O-O Be7 10. Nc2 a5 11. a4 N8a7 12. Bd3 h6 13. Nfe1 Qb6 14. Qg4 g6 15. h4
O-O-O 16. Nf3 Kb8 17. Bd2 Rc8 18. Rfc1 Nb4 19. Nxb4 Rxc1+ 20. Rxc1 Bxb4 21. Qf4
Bxd2 22. Qxd2 Bxa4 23. Ra1 Bd7 24. Rxa5 g5 25. Rc5 g4 26. Ne1 Qd8 27. g3 f6 28.
exf6 Qxf6 29. Be2 h5 30. Nc2 Ba4 1/2-1/2

[Event "Queenstown Classic"]
[Site "Queenstown"]
[Date "2009.01.17"]
[Round "3.5"]
[White "Croad, Nicolas"]
[Black "Johannessen, Leif"]
[Result "1/2-1/2"]
[WhiteElo "2305"]
[BlackElo "2539"]
[PlyCount "74"]
[EventDate "2009.??.??"]

1. d4 d5 2. c4 e6 3. Nc3 c6 4. Nf3 dxc4 5. Bg5 Be7 6. Bxe7 Nxe7 7. a4 Nd5 8. a5
b5 9. axb6 Nxb6 10. e3 N8d7 11. Nd2 O-O 12. Nxc4 Nxc4 13. Bxc4 c5 14. O-O Bb7
15. Ba6 Bc6 16. e4 cxd4 17. Qxd4 Nf6 18. Rfd1 Qc7 19. f3 Rfd8 20. Qe3 Rxd1+ 21.
Rxd1 Rb8 22. Rd2 Nd7 23. Bf1 Qb6 24. Qxb6 Rxb6 25. Nd1 Kf8 26. Ne3 Ke7 27. Nc4
Rb4 28. Na5 Nb8 29. Kf2 Rb6 30. Nc4 Rb4 31. Na5 Rb6 32. Nc4 Rb4 33. Na5 Bd7 34.
b3 Nc6 35. Nxc6+ Bxc6 36. Ra2 Rxb3 37. Rxa7+ Rb7 1/2-1/2

[Event "Queenstown Classic"]
[Site "Queenstown"]
[Date "2009.01.17"]
[Round "3.7"]
[White "Corke, Anya Sun"]
[Black "Smerdon, David"]
[Result "0-1"]
[WhiteElo "2260"]
[BlackElo "2463"]
[PlyCount "32"]
[EventDate "2009.??.??"]

1. d4 e6 2. c4 Nf6 3. Nf3 d5 4. g3 dxc4 5. Qa4+ Nbd7 6. Bg2 a6 7. Qxc4 b5 8.
Qc2 Bb7 9. a4 c5 10. axb5 axb5 11. Rxa8 Qxa8 12. dxc5 Be4 13. Qb3 Bxb1 14. Qxb5
Bxc5 15. O-O Be4 16. Bg5 Qc6 0-1

[Event "Queenstown Classic"]
[Site "Queenstown"]
[Date "2009.01.17"]
[Round "3.8"]
[White "Solomon, Stephen"]
[Black "Lyell, Mark"]
[Result "1-0"]
[WhiteElo "2460"]
[BlackElo "2287"]
[PlyCount "73"]
[EventDate "2009.??.??"]

1. e4 e5 2. Nf3 Nc6 3. Bb5 f5 4. Nc3 fxe4 5. Nxe4 Nf6 6. Nxf6+ Qxf6 7. Qe2 Be7
8. Bxc6 bxc6 9. Nxe5 O-O 10. O-O Qe6 11. Re1 Bc5 12. Nf3 Qxe2 13. Rxe2 d6 14.
d4 Bb6 15. a4 Bg4 16. Re4 Bxf3 17. gxf3 a5 18. Ra3 Rf5 19. Be3 Rxf3 20. Rc3 c5
21. Re7 Kf8 22. dxc5 Kxe7 23. cxb6 Ke6 24. Kg2 Rf7 25. bxc7 Kd7 26. Bb6 Rf4 27.
Bxa5 Rxa4 28. b4 Rf8 29. h4 Ra2 30. h5 Kc8 31. Rc4 d5 32. Rc5 Rf5 33. Rb5 Kd7
34. Rb8 Rxc2 35. Rd8+ Ke7 36. Bb6 d4 37. Bc5+ 1-0

[Event "Queenstown Classic"]
[Site "Queenstown"]
[Date "2009.01.17"]
[Round "3.9"]
[White "Goldenberg, Igor"]
[Black "Chow, Sam"]
[Result "1-0"]
[WhiteElo "2398"]
[BlackElo "2267"]
[PlyCount "107"]
[EventDate "2009.??.??"]

1. c4 Nf6 2. Nc3 d5 3. cxd5 Nxd5 4. g3 Nxc3 5. bxc3 c5 6. Bg2 Nc6 7. Nf3 g6 8.
O-O Bg7 9. Rb1 O-O 10. Qc2 b6 11. d3 Bb7 12. Nd2 Qd7 13. Nc4 Ne5 14. Nxe5 Bxe5
15. Bxb7 Qxb7 16. c4 Rad8 17. Bb2 Qc7 18. a4 h5 19. Qd2 Kh7 20. Qg5 Bxb2 21.
Rxb2 Rd6 22. Ra1 a5 23. Rb5 Re6 24. Ra2 Rd8 25. Qf4 Qxf4 26. gxf4 Kg7 27. Rab2
Rdd6 28. Kg2 Kf8 29. R5b3 Ke8 30. e3 Kd8 31. h4 Kc7 32. Rb1 Rd8 33. Kf3 Red6
34. Ke2 Rf6 35. Rg1 Rf5 36. Rg3 e5 37. fxe5 Rxe5 38. f4 Re6 39. e4 Rf6 40. Ke3
Rd7 41. Rg5 Re7 42. Rb2 Re8 43. Rbg2 Re7 44. Rf2 Rd6 45. Rd5 f5 46. Rg2 Rde6
47. e5 Rd7 48. d4 cxd4+ 49. Rxd4 Rc6 50. Rb2 Kc8 51. Rb5 Rdc7 52. c5 Kb7 53.
Rd6 Rxc5 54. Rdxb6+ 1-0

[Event "Queenstown Classic"]
[Site "Queenstown"]
[Date "2009.01.17"]
[Round "3.10"]
[White "Shen, Daniel"]
[Black "van Delft, Merijn"]
[Result "0-1"]
[WhiteElo "2098"]
[BlackElo "2397"]
[PlyCount "46"]
[EventDate "2009.??.??"]

1. e4 g6 2. d4 Bg7 3. Nf3 d6 4. h3 Nf6 5. Nc3 a6 6. a4 b6 7. Bc4 O-O 8. O-O Bb7
9. Qe2 e6 10. Bg5 d5 11. Bxd5 exd5 12. e5 Nbd7 13. exf6 Nxf6 14. Rfe1 h6 15.
Bf4 Ne4 16. Qd3 Re8 17. Rad1 Re6 18. Nd2 c5 19. Ncxe4 dxe4 20. Nxe4 c4 21. Qf3
Bd5 22. Be5 f5 23. Bc7 Qd7 0-1

[Event "Queenstown Classic"]
[Site "Queenstown"]
[Date "2009.01.17"]
[Round "3.11"]
[White "Brown, Andrew"]
[Black "van Riemsdijk, Herman"]
[Result "0-1"]
[WhiteElo "1987"]
[BlackElo "2392"]
[PlyCount "82"]
[EventDate "2009.??.??"]

1. d4 Nf6 2. c4 e6 3. Nf3 d5 4. Nc3 c5 5. e3 Nc6 6. a3 a6 7. dxc5 Bxc5 8. b4
Be7 9. cxd5 exd5 10. Be2 O-O 11. O-O Be6 12. Bb2 Qd6 13. b5 Na5 14. a4 Rfc8 15.
Ba3 Qd7 16. Bxe7 Qxe7 17. Rc1 Qb4 18. Qd4 Qb2 19. Qd2 Qb4 20. Qd4 Qa3 21. Nd2
Ne4 22. Ndb1 Nb3 23. Qb6 Qxc1 24. Rxc1 Nxc1 25. Qxb7 Rab8 26. Qxa6 Nxc3 27.
Nxc3 Rxc3 28. Bf3 Nb3 29. h3 Rcc8 30. Qd6 Nc5 31. Bxd5 Bxd5 32. Qxd5 Nxa4 33.
Qd7 Nc5 34. Qf5 Ne6 35. Qe5 Rb6 36. Kh2 Rc5 37. Qa1 Rbxb5 38. Qa8+ Nf8 39. Qa2
Rc1 40. Kg3 Rcb1 41. f4 R5b2 0-1

[Event "Queenstown Classic"]
[Site "Queenstown"]
[Date "2009.01.17"]
[Round "3.12"]
[White "Mastrovasilis, Dimitrios"]
[Black "Hohler, Peter"]
[Result "1-0"]
[WhiteElo "2580"]
[BlackElo "2214"]
[PlyCount "87"]
[EventDate "2009.??.??"]

1. e4 e5 2. Nf3 Nc6 3. Bb5 a6 4. Ba4 Nf6 5. O-O Be7 6. Re1 b5 7. Bb3 d6 8. c3
O-O 9. d4 Bg4 10. d5 Na5 11. Bc2 c6 12. dxc6 Qc7 13. Nbd2 Qxc6 14. Nf1 Nc4 15.
h3 Be6 16. Ng3 Rfe8 17. Qe2 Rac8 18. a4 b4 19. b3 Na3 20. c4 Nxc2 21. Qxc2 a5
22. Be3 Bd8 23. Rad1 Bc7 24. Re2 Rcd8 25. Bg5 Nd7 26. Bxd8 Bxd8 27. Nf5 Bxf5
28. exf5 Bb6 29. Ng5 Rd8 30. Ne4 Bd4 31. Rd3 f6 32. Rg3 Kh8 33. Qd3 Nc5 34. Qf3
Qc7 35. Rg4 Qf7 36. g3 Qe7 37. Kg2 Qf7 38. Rh4 Qe8 39. Nxf6 gxf6 40. Rxd4 exd4
41. Rxe8+ Rxe8 42. Qd5 Nxb3 43. Qf7 Re1 44. Qf8# 1-0

[Event "Queenstown Classic"]
[Site "Queenstown"]
[Date "2009.01.17"]
[Round "3.13"]
[White "Hecht, Hans-Joachim"]
[Black "McNabb, Matthew David"]
[Result "1-0"]
[WhiteElo "2394"]
[BlackElo "2095"]
[PlyCount "59"]
[EventDate "2009.??.??"]

1. d4 d5 2. c4 c6 3. Nf3 Nf6 4. e3 Bf5 5. Nc3 e6 6. Nh4 Bg4 7. Qb3 Qc7 8. h3
Bh5 9. g4 Bg6 10. Nxg6 hxg6 11. Bg2 Nbd7 12. g5 dxc4 13. Qxc4 Nb6 14. Qe2 Nfd5
15. Bd2 Be7 16. f4 Rd8 17. O-O Nxc3 18. bxc3 c5 19. Qb5+ Qd7 20. a4 O-O 21.
Rfb1 e5 22. a5 Qxb5 23. Rxb5 Nc4 24. Rxb7 Nxd2 25. Rxe7 cxd4 26. cxd4 exd4 27.
exd4 a6 28. d5 Rfe8 29. d6 Nc4 30. Bc6 1-0

[Event "Queenstown Classic"]
[Site "Queenstown"]
[Date "2009.01.17"]
[Round "3.14"]
[White "wohl, Alex"]
[Black "Pyke, Malcolm"]
[Result "1-0"]
[WhiteElo "2342"]
[BlackElo "2182"]
[PlyCount "71"]
[EventDate "2009.??.??"]

1. Nf3 Nf6 2. g3 c5 3. Bg2 Nc6 4. O-O d5 5. d4 cxd4 6. Nxd4 e6 7. c4 Be7 8. Nc3
O-O 9. cxd5 Nxd5 10. Nxd5 exd5 11. Be3 Ne5 12. Bf4 Bf6 13. Rc1 Qa5 14. Qb3 Rd8
15. Nb5 Be6 16. Nc7 Rab8 17. Rfd1 Rbc8 18. Nxe6 fxe6 19. Rxc8 Rxc8 20. Qxb7 Qc7
21. Qb3 Rb8 22. Qa4 g5 23. Rc1 Qe7 24. Bxe5 Bxe5 25. b3 Kh8 26. Bh3 Bf6 27. Rc6
e5 28. Re6 Qg7 29. Ra6 Qg6 30. Rxa7 Qb1+ 31. Kg2 d4 32. Qc6 Qg6 33. Bg4 Rf8 34.
Bf3 Rf7 35. Ra8+ Kg7 36. Bd5 1-0

[Event "Queenstown Classic"]
[Site "Queenstown"]
[Date "2009.01.17"]
[Round "3.15"]
[White "Smith, Robert"]
[Black "Armstrong, Malcolm"]
[Result "1-0"]
[WhiteElo "2281"]
[BlackElo "2060"]
[PlyCount "149"]
[EventDate "2009.??.??"]

1. e4 c6 2. d4 d5 3. exd5 cxd5 4. Bd3 Nc6 5. c3 g6 6. Bf4 Bg7 7. Nf3 Nf6 8. h3
O-O 9. Nbd2 a6 10. O-O b5 11. Ne5 Nxe5 12. dxe5 Nd7 13. Nf3 Nc5 14. Bc2 Bb7 15.
Re1 Ne6 16. Bg3 Qb6 17. Qd2 Rad8 18. Rad1 Rd7 19. a4 Rfd8 20. Nd4 Nxd4 21. Qxd4
Qxd4 22. Rxd4 e6 23. axb5 axb5 24. Bd3 Bc6 25. Ra1 Bf8 26. Bh4 Rb8 27. b4 Rc7
28. f4 Be8 29. Be1 Be7 30. Be2 Rcc8 31. Rdd1 Ra8 32. Bf2 f5 33. Bd4 Kf7 34. Kf2
Bd7 35. g3 h6 36. h4 h5 37. Ke3 Ke8 38. Kd2 Bc6 39. Kc2 Kd7 40. Kb3 Rcb8 41.
Ba7 Rb7 42. Bc5 Rxa1 43. Rxa1 Bd8 44. Ra6 Bc7 45. Ra8 Rb8 46. Ra7 Kc8 47. Kc2
Rb7 48. Ra6 Kd7 49. Kd2 Rb8 50. Ra7 Kc8 51. Ke3 Rb7 52. Ra6 Kd7 53. Kd4 Bd8 54.
Ra8 Kc7 55. Ra6 Kd7 56. Kd3 Kc7 57. Bd6+ Kd7 58. Ra8 Rb6 59. Ra7+ Rb7 60. Ra6
Rb6 61. Ra3 Bb7 62. Kd4 Kc6 63. Ra5 Ba6 64. Bc5 Kb7 65. Bf3 Rc6 66. Ra2 Bb6 67.
Ra1 Rc8 68. Bxd5+ exd5 69. Kxd5 Ra8 70. e6 Bxc5 71. bxc5 Kc7 72. Ke5 Kc6 73.
Kf6 Kxc5 74. e7 Kb6 75. Kf7 1-0

[Event "Queenstown Classic"]
[Site "Queenstown"]
[Date "2009.01.17"]
[Round "3.17"]
[White "Schon, Eugene"]
[Black "Illingworth, Max"]
[Result "1/2-1/2"]
[WhiteElo "2115"]
[BlackElo "2250"]
[PlyCount "101"]
[EventDate "2009.??.??"]

1. e4 c6 2. d4 Na6 3. Nc3 Nc7 4. Bf4 d6 5. Qd3 Nf6 6. f3 b5 7. g4 Bb7 8. Bg2
Nd7 9. Nge2 e5 10. Bg3 h5 11. gxh5 Rxh5 12. f4 Qe7 13. Bf3 Rh8 14. O-O O-O-O
15. a4 a6 16. axb5 cxb5 17. Rfd1 f5 18. fxe5 dxe5 19. d5 f4 20. d6 Qxd6 21.
Qxd6 Bxd6 22. Rxd6 fxg3 23. Nxg3 Nf6 24. Nf5 Rxd6 25. Nxd6+ Kb8 26. Nxb7 Kxb7
27. Nd5 Ncxd5 28. exd5 Kb6 29. Bg2 Rd8 30. Re1 e4 31. Re2 Re8 32. d6 Kc6 33.
Rd2 g5 34. Rd4 Kd7 35. c3 Re6 36. Kf2 Rxd6 37. Bxe4 Rxd4 38. Bf5+ Kd6 39. cxd4
Kd5 40. Ke3 a5 41. Kd3 Kd6 42. Bh3 a4 43. Bf1 Nd5 44. Ke4 b4 45. Bc4 Ne7 46.
Bb5 a3 47. bxa3 bxa3 48. Bc4 Nc6 49. h3 Ne7 50. Ba2 Nc6 51. Bc4 1/2-1/2

[Event "Queenstown Classic"]
[Site "Queenstown"]
[Date "2009.01.17"]
[Round "3.18"]
[White "Jones, Brian"]
[Black "Johansen, Darryl"]
[Result "0-1"]
[WhiteElo "2074"]
[BlackElo "2455"]
[PlyCount "72"]
[EventDate "2009.??.??"]

1. d4 Nf6 2. Nf3 e6 3. g3 c5 4. Bg2 d5 5. O-O Nc6 6. c4 dxc4 7. Qa4 Bd7 8. Qxc4
b5 9. Qd3 Rc8 10. Nc3 cxd4 11. Nxd4 Nxd4 12. Qxd4 Bc5 13. Qf4 O-O 14. Be3 e5
15. Qxe5 Re8 16. Qxc5 Rxc5 17. Bxc5 Qc7 18. b4 Bc6 19. Bxc6 Qxc6 20. Rad1 Ne4
21. Nxe4 Qxe4 22. e3 h5 23. h4 a6 24. Rd6 Re6 25. Rd8+ Kh7 26. Rfd1 Qc4 27.
R8d5 Qg4 28. R1d2 Qf3 29. R5d4 Re4 30. Rxe4 Qxe4 31. Rb2 Kg6 32. Bd4 Kf5 33.
Rd2 Qd5 34. Rc2 Kg4 35. Rb2 Kf3 36. Rc2 Qe4 0-1

[Event "Queenstown Classic"]
[Site "Queenstown"]
[Date "2009.01.17"]
[Round "3.19"]
[White "Goodhue, Nathan"]
[Black "Motoc, Alina"]
[Result "0-1"]
[WhiteElo "2009"]
[BlackElo "2358"]
[PlyCount "156"]
[EventDate "2009.??.??"]

1. b3 e5 2. Bb2 f6 3. d4 exd4 4. Qxd4 Nc6 5. Qe3+ Qe7 6. Qxe7+ Ngxe7 7. a3 d5
8. e3 Bf5 9. Bd3 Ne5 10. Bxf5 Nxf5 11. Nd2 O-O-O 12. Ngf3 Nc6 13. g4 Nd6 14.
Ke2 Be7 15. Nd4 Nxd4+ 16. Bxd4 Rhe8 17. Kf3 Nb5 18. Bb2 d4 19. e4 c5 20. a4 Nc7
21. h4 Ne6 22. Rad1 b6 23. Nc4 {=} 23... Kb7 24. Bc1 a6 25. Bf4 b5 26. axb5
axb5 27. Nb2 Ra8 28. Ra1 Kc6 29. Rhd1 Rec8 30. Bd2 Bd6 31. Nd3 Be5 32. Nxe5+
fxe5 33. g5 c4 34. bxc4 bxc4 35. Rdb1 c3 36. Bc1 Rxa1 37. Rxa1 Nc5 38. Kg4 d3
39. cxd3 Nxd3 40. Be3 c2 41. Kf5 Kd6 42. Ra6+ Ke7 43. Ra7+ Kf8 44. Ke6 Re8+ 45.
Kd6 c1=Q 46. Bxc1 Nxc1 47. f4 exf4 48. e5 Ne2 49. e6 Nd4 50. Rf7+ Kg8 51. Rxf4
Nxe6 52. Ra4 Nf8 53. h5 Rd8+ 54. Ke5 Nd7+ 55. Kf5 Rf8+ 56. Kg4 Ne5+ 57. Kh4 Rc8
58. Ra7 Rc4+ 59. Kh3 Rc8 60. Re7 Nf7 61. g6 Nh6 62. Ra7 hxg6 63. hxg6 Kf8 64.
Kh4 Rc4+ 65. Kg5 Rc5+ 66. Kf4 Rd5 67. Rb7 Rd1 68. Ra7 Rf1+ 69. Kg5 Rf5+ 70. Kh4
Rc5 71. Rd7 Ke8 72. Ra7 Rd5 73. Rb7 Nf5+ 74. Kg4 Ne7 75. Ra7 Rd6 76. Kg5 Rxg6+
77. Kh5 Rd6 78. Kg5 Kf7 0-1

[Event "Queenstown Classic"]
[Site "Queenstown"]
[Date "2009.01.17"]
[Round "3.20"]
[White "Voon, Richard"]
[Black "Van Der Elburg, Freddie"]
[Result "0-1"]
[WhiteElo "1976"]
[BlackElo "2277"]
[PlyCount "120"]
[EventDate "2009.??.??"]

1. Nf3 d6 2. d4 f5 3. g3 Nf6 4. Bg2 g6 5. c4 Bg7 6. Nc3 O-O 7. O-O c6 8. d5 Bd7
9. Rb1 Na6 10. Nd4 Rc8 11. a3 Qe8 12. Re1 Qf7 13. Rf1 Nc5 14. Nf3 h6 15. Nd2 e5
16. b4 Na6 17. dxc6 Bxc6 18. f3 Bd7 19. Bb2 Be6 20. Nb5 Rcd8 21. Rc1 b6 22. e4
Nb8 23. Qe2 Nc6 24. Nc3 a5 25. b5 Nd4 26. Qd3 Nd7 27. Nd5 Nc5 28. Qe3 Bxd5 29.
exd5 f4 30. gxf4 exf4 31. Qxd4 Bxd4+ 32. Bxd4 Qf5 33. Bxc5 dxc5 34. Ne4 g5 35.
Nf2 Qe5 36. Bh3 Qe3 37. Be6+ Kg7 38. Kg2 Qxa3 39. h4 Qb2 40. Kh3 a4 41. Ne4 a3
42. Rg1 Qe2 43. Kg4 h5+ 44. Kxg5 Qxf3 45. Rce1 a2 46. Nd2 Qd3 47. Kxh5+ Kh8 48.
Rg6 Rf5+ 49. Bxf5 Qxf5+ 50. Rg5 Qd3 51. Rg6 Qxd2 52. Rh6+ Kg8 53. Rg1+ Kf7 54.
Rh7+ Kf6 55. Rh6+ Ke5 56. Re6+ Kd4 57. Rf1 Kxc4 58. Ree1 Qxd5+ 59. Kg4 Qg2+ 60.
Kf5 Rf8+ 0-1

[Event "Queenstown Classic"]
[Site "Queenstown"]
[Date "2009.01.17"]
[Round "3.22"]
[White "Stojic, Svetozar"]
[Black "Reilly, Tim"]
[Result "0-1"]
[WhiteElo "1972"]
[BlackElo "2256"]
[PlyCount "46"]
[EventDate "2009.??.??"]

1. e4 d6 2. d4 g6 3. Nc3 Bg7 4. Nf3 a6 5. Bc4 e6 6. a4 Ne7 7. O-O h6 8. Qe2 Nd7
9. e5 dxe5 10. Nxe5 Nxe5 11. dxe5 Qd4 12. Be3 Qxe5 13. f4 Qa5 14. Ne4 Bxb2 15.
Ra2 Bg7 16. Rb1 h5 17. Bb5+ axb5 18. Rxb5 Qa6 19. c4 Qc6 20. Bf2 b6 21. Bh4
Bd4+ 22. Kh1 Bb7 23. Nf6+ Kf8 0-1

[Event "Queenstown Classic"]
[Site "Queenstown"]
[Date "2009.01.17"]
[Round "3.23"]
[White "Smokina, Karolina"]
[Black "Flitney, Adrian"]
[Result "1-0"]
[WhiteElo "2251"]
[BlackElo "1990"]
[PlyCount "69"]
[EventDate "2009.??.??"]

1. d4 g6 2. c4 c5 3. d5 Bg7 4. e4 d6 5. Nc3 f5 6. Bd3 Bxc3+ 7. bxc3 fxe4 8.
Bxe4 Nf6 9. Bd3 Qa5 10. Ne2 Nbd7 11. f4 Nb6 12. O-O Bd7 13. f5 gxf5 14. Bg5 Ne4
15. Bxe4 fxe4 16. Ng3 Nxc4 17. Qh5+ Kd8 18. Nxe4 Kc7 19. Bxe7 Rae8 20. Qh4 h5
21. Rf7 Kc8 22. Raf1 Qxa2 23. R7f2 Qa6 24. Qf6 Bb5 25. Bxd6 Rxe4 26. Qxh8+ Re8
27. Bf8 Ne5 28. Qxh5 Qg6 29. Qh3+ Ng4 30. Bxc5 Bxf1 31. Rxf1 b6 32. Bd4 Re7 33.
Qg3 Qe4 34. Qd6 Qh7 35. Qc6+ 1-0

[Event "Queenstown Classic"]
[Site "Queenstown"]
[Date "2009.01.17"]
[Round "3.24"]
[White "Lukey, Stephen"]
[Black "Watson, Jeremy"]
[Result "1-0"]
[WhiteElo "2247"]
[BlackElo "1986"]
[PlyCount "93"]
[EventDate "2009.??.??"]

1. d4 d5 2. c4 e6 3. Nf3 Nf6 4. Nc3 c6 5. Bg5 Nbd7 6. e3 Qa5 7. cxd5 exd5 8.
Bd3 Ne4 9. O-O Nxg5 10. Nxg5 h6 11. Qh5 g6 12. Bxg6 hxg5 13. Bxf7+ Ke7 14. Qxh8
Kxf7 15. f4 g4 16. Qh5+ Kg8 17. Ne4 Qd8 18. Qxg4+ Bg7 19. Qe6+ Kh8 20. Rf3 Nf6
21. Rh3+ Nh7 22. Ng5 Bxe6 23. Rxh7+ Kg8 24. Rxg7+ Kh8 25. Rh7+ Kg8 26. Nxe6 Qf6
27. Ng5 Re8 28. Rh3 c5 29. Rg3 Kh8 30. Rc1 c4 31. f5 Qxf5 32. Rf1 Qd3 33. h3
Rg8 34. Rff3 b5 35. Kh2 b4 36. Rf4 Rg6 37. Nf7+ Kg8 38. Ne5 Rxg3 39. Nxd3 Rxe3
40. Nxb4 Re2 41. Nxd5 Rxb2 42. Nc3 Rc2 43. Rf3 Rd2 44. d5 Rd3 45. Rxd3 cxd3 46.
Kg3 Kf7 47. Kf4 1-0

[Event "Queenstown Classic"]
[Site "Queenstown"]
[Date "2009.01.17"]
[Round "3.25"]
[White "Holland, Dennis"]
[Black "Ikeda, Junta"]
[Result "0-1"]
[WhiteElo "1969"]
[BlackElo "2247"]
[PlyCount "94"]
[EventDate "2009.??.??"]

1. d4 Nf6 2. Nf3 e6 3. c4 Bb4+ 4. Nbd2 b6 5. a3 Be7 6. e4 d6 7. Qc2 Bb7 8. b3
c5 9. Bb2 cxd4 10. Nxd4 a6 11. Be2 Nbd7 12. O-O Rc8 13. Rac1 Qc7 14. Qb1 Qb8
15. Rfd1 Qa8 16. f3 Qa7 17. Kh1 g5 18. Bd3 Ne5 19. Bc2 h5 20. Rf1 h4 21. h3 Nh5
22. Ne2 b5 23. Bd4 Ng3+ 24. Kh2 Nxf1+ 25. Rxf1 Qb8 26. cxb5 axb5 27. Qb2 Rg8
28. Kh1 b4 29. axb4 Ba6 30. Re1 Qxb4 31. Bb1 Nd3 32. Bxd3 Bxd3 33. Bc3 Qc5 34.
Bd4 Qc2 35. Qxc2 Rxc2 36. Be3 Bxe2 37. Rxe2 d5 38. exd5 exd5 39. Kg1 Rg6 40.
Kf2 Re6 41. Ke1 Rc1+ 42. Kf2 Rd1 43. Bd4 Bb4 44. Be3 Bc3 45. Nf1 Be5 46. b4 d4
47. Bxg5 Bg3+ 0-1

[Event "Queenstown Classic"]
[Site "Queenstown"]
[Date "2009.01.17"]
[Round "3.26"]
[White "Drummond, Matthew"]
[Black "Milligan, Helen"]
[Result "1-0"]
[WhiteElo "2236"]
[BlackElo "1956"]
[PlyCount "119"]
[EventDate "2009.??.??"]

1. c4 Nf6 2. Nc3 e6 3. Nf3 d5 4. d4 Be7 5. Bg5 h6 6. Bxf6 Bxf6 7. e3 O-O 8. Rc1
c6 9. Bd3 Nd7 10. O-O a6 11. Re1 b5 12. b3 b4 13. Na4 Be7 14. Re2 Bd6 15. Rec2
Bb7 16. Qe1 a5 17. cxd5 cxd5 18. Nc5 Ra7 19. Nxb7 Rxb7 20. e4 Rc7 21. e5 Rxc2
22. Rxc2 Bb8 23. Bb5 Qe7 24. a3 f6 25. axb4 axb4 26. Bxd7 Qxd7 27. exf6 Rxf6
28. Qxb4 Bd6 29. Qa4 Qf7 30. Qa6 Qg6 31. Rc8+ Kh7 32. Ne1 Bb4 33. Qe2 Rf4 34.
Nc2 Re4 35. Qd3 Bd6 36. g3 Qf5 37. f3 Rf4 38. Qxf5+ Rxf5 39. f4 g5 40. Rc6 Bf8
41. fxg5 hxg5 42. Rxe6 Rf3 43. Re3 Rf7 44. Rd3 Rb7 45. Ne3 Bg7 46. g4 Rb4 47.
Nf5 Bf6 48. Kf1 Kg6 49. Ke2 Rb8 50. Kd2 Ra8 51. h3 Bd8 52. b4 Kf6 53. Kc2 Rb8
54. Kb3 Ke6 55. Re3+ Kf6 56. Re5 Ba5 57. b5 Rh8 58. Rxd5 Rxh3+ 59. Ka4 Bd2 60.
b6 1-0

[Event "Queenstown Classic"]
[Site "Queenstown"]
[Date "2009.01.17"]
[Round "3.28"]
[White "Goldsmith, Alan"]
[Black "Zulfic, Fedja"]
[Result "0-1"]
[WhiteElo "1867"]
[BlackElo "1956"]
[PlyCount "88"]
[EventDate "2009.??.??"]

1. e4 d5 2. exd5 Nf6 3. d4 Bg4 4. Be2 Bxe2 5. Nxe2 Qxd5 6. Nbc3 Qxg2 7. Rg1
Qxh2 8. Bf4 Qh3 9. Bxc7 g6 10. Nf4 Qd7 11. Be5 Nc6 12. Qe2 Bg7 13. Bxf6 Bxf6
14. Ne4 O-O 15. Nxf6+ exf6 16. O-O-O Qf5 17. Qd2 Rac8 18. Kb1 Na5 19. b3 Rc7
20. Rh1 g5 21. Nh5 Rfc8 22. Rc1 Rc3 23. Rhe1 h6 24. Re3 Rxe3 25. fxe3 Nc6 26.
Ng3 Qg6 27. e4 h5 28. Nf5 Re8 29. Re1 Rxe4 30. Rxe4 Qxf5 31. Re8+ Kg7 32. d5
Qd7 33. Re2 Ne7 34. c4 g4 35. Qf4 Qf5+ 36. Qxf5 Nxf5 37. c5 g3 38. d6 Nd4 39.
Rd2 Ne6 40. Rg2 h4 41. Kc2 f5 42. Kd2 f4 43. Ke2 h3 44. Rg1 h2 0-1

[Event "Queenstown Classic"]
[Site "Queenstown"]
[Date "2009.01.17"]
[Round "3.29"]
[White "Matheson, Laurence"]
[Black "Levi, Eddie"]
[Result "1/2-1/2"]
[WhiteElo "1943"]
[BlackElo "2219"]
[PlyCount "47"]
[EventDate "2009.??.??"]

1. e4 e5 2. Nf3 Nc6 3. Bb5 Bc5 4. Nxe5 Qg5 5. Ng4 h5 6. Bxc6 hxg4 7. d4 Qe7 8.
dxc5 dxc6 9. Nc3 Nf6 10. Be3 Nxe4 11. Nxe4 Qxe4 12. Qd4 Qxg2 13. O-O-O O-O 14.
h3 Be6 15. hxg4 Qd5 16. Qxd5 Bxd5 17. Rhg1 Rad8 18. Bf4 Rc8 19. b3 Rfe8 20.
Rde1 Kf8 21. c4 Be4 22. Re3 Bg6 23. Rge1 Rxe3 24. Rxe3 1/2-1/2

[Event "Queenstown Classic"]
[Site "Queenstown"]
[Date "2009.01.17"]
[Round "3.30"]
[White "Stojic, Dusan"]
[Black "Forster, Bill"]
[Result "1-0"]
[WhiteElo "2219"]
[BlackElo "1955"]
[PlyCount "67"]
[EventDate "2009.??.??"]

1. e4 c5 2. Nf3 Nc6 3. d4 cxd4 4. Nxd4 g6 5. Nc3 Bg7 6. Be3 Nf6 7. Bc4 O-O 8.
Bb3 a5 9. O-O a4 10. Nxa4 Nxe4 11. Nb5 d6 12. Bb6 Qd7 13. c4 Nf6 14. Qe2 Qe6
15. Be3 Qg4 16. f3 Qh5 17. Nb6 Rb8 18. Rad1 Be6 19. Nc7 Na5 20. Nxe6 fxe6 21.
Bc2 Rbd8 22. b4 Nc6 23. b5 Ne5 24. a4 Nfd7 25. a5 Nxb6 26. Bxb6 Rc8 27. Be4
Rxc4 28. Bxb7 Bh6 29. a6 Bf4 30. g3 Rf5 31. gxf4 Rcxf4 32. a7 Nxf3+ 33. Bxf3
Rxf3 34. a8=Q+ 1-0

[Event "Queenstown Classic"]
[Site "Queenstown"]
[Date "2009.01.17"]
[Round "3.31"]
[White "Gao, Judy"]
[Black "Dragicevic, Domagoj"]
[Result "0-1"]
[WhiteElo "1911"]
[BlackElo "2205"]
[PlyCount "56"]
[EventDate "2009.??.??"]

1. d4 d6 2. Nf3 Nd7 3. Nbd2 e5 4. d5 g6 5. b3 Bg7 6. Bb2 Ne7 7. c4 O-O 8. e4 h6
9. Bd3 f5 10. Qe2 Nf6 11. O-O f4 12. Rfc1 g5 13. h3 g4 14. hxg4 Bxg4 15. c5 Ng6
16. Qe1 Kh8 17. Ba3 Rg8 18. Be2 Bf8 19. Nh2 Bxe2 20. Qxe2 Nh4 21. Kh1 Qe8 22.
cxd6 cxd6 23. Rc7 Rxg2 24. Ndf3 Qh5 25. Qf1 Ng4 26. Nxg4 Qxg4 27. Ng1 Be7 28.
Qd1 Rh2+ 0-1

[Event "Queenstown Classic"]
[Site "Queenstown"]
[Date "2009.01.17"]
[Round "3.32"]
[White "Lauterbach, Ingrid"]
[Black "Oliver, Shannon"]
[Result "1-0"]
[WhiteElo "2154"]
[BlackElo "1937"]
[PlyCount "75"]
[EventDate "2009.??.??"]

1. e4 c5 2. f4 Nc6 3. Nf3 g6 4. c3 d5 5. e5 Bg7 6. d4 c4 7. b3 cxb3 8. axb3 f6
9. Be2 Nh6 10. O-O O-O 11. Kh1 b6 12. c4 Be6 13. Nc3 Kh8 14. cxd5 Bxd5 15. Nxd5
Qxd5 16. Bc4 Qd7 17. Ba3 fxe5 18. d5 Na5 19. fxe5 Nxc4 20. bxc4 Rae8 21. e6 Qc8
22. Rc1 Nf5 23. Qe2 Qc7 24. Bb2 Nd6 25. Bxg7+ Kxg7 26. Ne5 Rxf1+ 27. Rxf1 Rf8
28. Rxf8 Kxf8 29. g4 Kg8 30. Qf2 Qb7 31. Qd4 Qc7 32. Qf4 Qb7 33. Nf7 Qa6 34.
Nxd6 Qa1+ 35. Kg2 Qb2+ 36. Kh3 Qc3+ 37. Kh4 Qe1+ 38. Kg5 1-0